| 000 | 00634nam a2200157Ia 4500 | ||
|---|---|---|---|
| 008 | 090711s9999 xx 000 0 und d | ||
| 082 | _b53487 | ||
| 100 | _aजायस्वाल जयनारायण | ||
| 245 | _aSाष्मा व नेत्ररोग िSाकित्सा | ||
| 300 | _a10 | ||
| 600 | _aजायस्वाल जयनारायण | ||
| 630 | _aSाष्मा व नेत्ररोग िSाकित्सा | ||
| 700 | _aजायस्वाल जयनारायण | ||
| 730 | _aSाष्मा व नेत्ररोग िSाकित्सा | ||
| 942 | _cBOOK | ||
| 999 |
_c308845 _d308845 |
||